Countries that have won the Tour de France - Statistics

General Stats
  • This quiz has been taken 65 times
  • The average score is 12 of 15
Answer Stats
# First Most Recent Answer % Correct
36 1903 1985 France
98%
18 1912 1976 Belgium
97%
12 1959 2009 Spain
97%
6 2012 2018 United Kingdom
97%
10 1924 2014 Italy
95%
3 1986 1990 United States
94%
2 1968 1980 Netherlands
90%
1 1997 1997 Germany
81%
1 2011 2011 Australia
77%
1 1996 1996 Denmark
74%
1 1987 1987 Ireland
71%
2 1950 1951 Switzerland
71%
5 1909 2010 Luxembourg
63%
1 2019 2019 Colombia
55%
1 2020 2020 Slovenia
52%
No matching quizzes found
Score Distribution
Percent of People with Each Score
Percentile by Number Answered
Your Score History
You have not taken this quiz